Photo Quiz: Musicians Named David - Statistics

General Stats
  • This quiz has been taken 196 times
  • The average score is 5 of 20
Answer Stats
Picture Hint Answer % Correct
UK David Bowie
99%
US Grunge Dave Grohl
74%
60's Davy Jones
63%
France Dance Music David Guetta
43%
US Country Rock David Crosby
42%
US New Wave/Alt-Rock David Byrne
30%
UK Rock David Lee Roth
30%
UK Heavy Metal David Coverdale
23%
UK 80's David A Stewart
20%
UK 60's Dave Davies
19%
US Jazz Dave Brubeck
18%
UK Late 70's/80's David Sylvian
18%
UK Glam Dave Hill
16%
UK Punk Dave Vanian
14%
UK 70's Dave Edmunds
10%
UK Punk - Bloke on the left Dave Greenfield
6%
US 70's David Gates
6%
UK Psych Rock Daevid Allen
5%
UK Canterbury Scene Dave Swarbrick
4%
UK 60's Dave Berry
3%
No matching quizzes found
Score Distribution
Percent of People with Each Score
Percentile by Number Answered
Your Score History
You have not taken this quiz